Loading...
| Current Events | 1 | 10.00 | 100% | 0% | 0% |
| Fine Arts - Auditory Fine Arts | 4 | 10.00 | 75% | 25% | 0% |
| Fine Arts - Other Fine Arts | 2 | 15.00 | 100% | 50% | 0% |
| Fine Arts - Visual Fine Arts | 1 | 10.00 | 100% | 0% | 0% |
| Geography | 1 | 10.00 | 100% | 0% | 0% |
| History - American History | 2 | 15.00 | 100% | 50% | 0% |
| History - European History | 1 | 10.00 | 0% | 100% | 0% |
| History - Other History | 1 | 30.00 | 100% | 100% | 100% |
| History - World History | 2 | 15.00 | 100% | 50% | 0% |
| Literature - American Literature | 3 | 10.00 | 100% | 0% | 0% |
| Literature - British Literature | 3 | 10.00 | 67% | 33% | 0% |
| Literature - European Literature | 2 | 15.00 | 50% | 50% | 50% |
| Literature - World Literature | 3 | 13.33 | 100% | 33% | 0% |
| Mythology | 1 | 20.00 | 100% | 0% | 100% |
| Philosophy | 2 | 10.00 | 100% | 0% | 0% |
| Religion | 2 | 15.00 | 100% | 0% | 50% |
| Science - Biology | 5 | 8.00 | 80% | 0% | 0% |
| Science - Chemistry | 3 | 10.00 | 67% | 33% | 0% |
| Science - Other Science | 1 | 10.00 | 100% | 0% | 0% |
| Science - Physics | 3 | 13.33 | 100% | 33% | 0% |